<?xml version="1.0" encoding="UTF-8"?>
<marc:record xmlns:marc="http://www.loc.gov/MARC21/slim">
   <marc:leader>00000nam a2200000 a 4500</marc:leader>
   <marc:datafield ind1=" " ind2=" " tag="653">
      <marc:subfield code="a">Südostasien</marc:subfield>
   </marc:datafield>
   <marc:datafield ind1=" " ind2=" " tag="653">
      <marc:subfield code="a">Laos</marc:subfield>
   </marc:datafield>
   <marc:datafield ind1="0" ind2="0" tag="245">
      <marc:subfield code="a">Laos</marc:subfield>
   </marc:datafield>
   <marc:datafield ind1="0" ind2="0" tag="245">
      <marc:subfield code="b">; mit Reiseatlas 59 Karten und Plänen</marc:subfield>
   </marc:datafield>
   <marc:datafield ind1=" " ind2="1" tag="264">
      <marc:subfield code="b">DuMont Reiseverlag</marc:subfield>
      <marc:subfield code="c">2010</marc:subfield>
   </marc:datafield>
   <marc:datafield ind1="1" ind2=" " tag="520">
      <marc:subfield code="a">Das unentdeckte Asien - Laos ist ein junges Reiseziel. Erst zehn Jahre ist es her, dass die sozialistische Führung den Bambusvorhang ein Stückchen zur Seite gezogen hat und Touristen wieder einen Blick in eines der faszinierendsten Länder Südostasiens werfen können. Die meisten Besucher kommen, um Luang Prabang zu sehen, die älteste intakte Tempelstadt der Region. Doch das Land hat noch viel mehr zu bieten: Verwitterte Kolonialarchitektur, malerische Karstlandschaften und eine ethnische Vielfalt, die in Südostasien ihresgleichen sucht. Das Travel Handbuch bietet eine Fülle von Informationen für die individuelle Reiseplanung, gibt Tipps zu Ünterkünften, Trekkingtouren und Bootsfahrten, beleuchtet die Geschichte und Kultur und lässt selbst Reisende nicht im Stich, die sich in entlegene Naturschutzgebiete aufmachen wollen.</marc:subfield>
   </marc:datafield>
   <marc:datafield ind1="3" ind2=" " tag="024">
      <marc:subfield code="a">9783770161799</marc:subfield>
   </marc:datafield>
</marc:record>
